=LDR 00000nam 2200000 4500 =001 INLIS000000000031486 =005 20130612133544 =008 ***********************************ind** =035 ##$$0010-061300000031486 =041 ##$$a ind =082 ##$$a 028.5 =090 ##$$a 028.5, War, k =100 ##$$a WARDHANA, Eka =245 ##$$a Kisah Al-Qur'an, , Ashabul Ukhdud , Eka Wardhana =260 ##$$a Syaamil Cipta Media $b Bandung =300 ##$$a 27 hlm., , Ilus, , 15 cm =650 ##$$a BACAAN ANAK-ANAK =850 ##$$a NBPNMAT